000 00847nam a22001937a 4500
003 BR-ViAPE
005 20260407130248.0
008 260407s1897 por gs||||s000 0 por d
040 _cBR-ViAPE
110 _aEspírito Santo
_bEstado
245 _aRelatório da diretoria central de terras e colonização do estado do Espirito Santo de 1892 a 1896
260 _aRio de Janeiro
_bTyp Leuzinger
_c1897
300 _a41 p.
_bDocumento digitalizado (PDF)
500 _aDocumento digitalizado do acervo institucional do Arquivo Público do Estado do Espírito Santo - APEES.
650 _xAdministração pública
_zEspírito Santo
651 _aEspírito Santo
_xRelatórios governamentais
856 _uhttps://ape.es.gov.br/Media/ape/PDF/Relatorios/1897/relatorio%20-%20ano%201897.pdf
_yCLIQUE AQUI PARA ACESSAR O DOCUMENTO
942 _2ddc
_cMSGREL
_n1
999 _c455
_d455